Statistics for Beer Brands by Wikipedia Description

Click here to take the quiz!

General Stats

  • This quiz has been taken 86 times
  • The average score is 7 of 15

Answer Stats

DescriptionAnswer% Correct
Well known for its signature green bottle and red star.Heineken
93%
Best-selling alcoholic drink in Ireland.Guinness
90%
Commonly served with a wedge of lime or lemon in the neck of the bottle to add tartness and flavor.Corona
88%
American-style pale lager produced by Anheuser-Busch.Budweiser
83%
Known internationally as the quintessential Australian beer brand.Foster's
58%
It was first brewed in 1904, and was created by Carl Jacobsen.Carlsberg
54%
It has a depiction of the River Tyne in the blue star on its logo.Newcastle
43%
The current name of their flagship beer came from the blue ribbons that were tied around the bottle neck.Pabst
42%
Originally brewed by a German-born Mexican brewer. The bottles were marked with the Roman numeral for 20Dos Equis
36%
Received the gold medal in the American-style Premium Lager category at the 1999 World Beer Cup.Miller
35%
Long advertised as being "brewed with mineral water from the Laoshan Spring", but that now applies only to beer produced in Qingdao.Tsingtao
28%
It is the best-selling pale ale in the United States as of 2012.Sierra Nevada
22%
Established in 1634 in Munich, it's one of the six breweries who provide beer for OktoberfestPaulaner
19%
Spiced with coriander and orange peel. It is unfiltered and therefore has a cloudy appearance.Hoegaarden
16%
It's beers in bottled form were a major influence on American craft brewers such as Goose Island and Brooklyn Brewery in the late 1970s and early 1980s.Samuel Smith's
1%

Score Distribution

Percentile by Number Answered

Percent of People with Each Score

Your Score History

You have not taken this quiz